[Event "14. Opent Internacional de Mislata"]
[Site "Mislata ESP"]
[Date "2006.08.29"]
[Round "8.12"]
[White "Longa Yauca, Javier"]
[Black "Galvan Huaraca, Jesus"]
[Result "0-1"]
[WhiteElo "2311"]
[BlackElo "2211"]
[PlyCount "95"]
[EventDate "2006.08.23"]
[EventType "swiss"]
[EventRounds "9"]
[EventCountry "ESP"]
[Source "lmi"]
[SourceDate "2006.08.23"]

1. d4 f5 2. e4 fxe4 3. Nc3 Nf6 4. Bg5 Nc6 5. d5 Ne5 6. Qd4 Nf7 7. h4 e5 8. dxe6
dxe6 9. Qxd8+ Kxd8 10. O-O-O+ Nd6 11. Nxe4 Be7 12. Bd3 Rf8 13. Nf3 h6 14. Be3
Ng4 15. Bd4 Bd7 16. Rhe1 Bf6 17. Nc5 Bxd4 18. Nxd4 Rxf2 19. Ndxe6+ Bxe6 20.
Nxe6+ Kd7 21. Bb5+ c6 22. Ba4 Re8 23. Nc5+ Kc8 24. Rxe8+ Nxe8 25. Ne6 b5 26.
Rd8+ Kb7 27. Rxe8 bxa4 28. Nc5+ Kc7 29. Nxa4 Rxg2 30. Nc5 Kd6 31. b4 Kd5 32.
Kb2 a5 33. Nd3 Kd4 34. bxa5 Ne3 35. Nb4 Nc4+ 36. Kb3 Nxa5+ 37. Ka4 Nc4 38.
Nxc6+ Kc3 39. Nb4 Rg4 40. a3 Rxh4 41. Rd8 Rh5 42. Rd3+ Kb2 43. Rb3+ Kc1 44. Rc3
Ra5+ 45. Kb3 Nxa3 46. Na2+ Kd2 47. Rd3+ Ke2 48. Kb4 0-1

[Event "14. Opent Internacional de Mislata"]
[Site "Mislata ESP"]
[Date "2006.08.29"]
[Round "8.14"]
[White "Basto Auzmendi, Mario"]
[Black "Alonso Moyano, Jonathan"]
[Result "0-1"]
[WhiteElo "2125"]
[BlackElo "2372"]
[PlyCount "72"]
[EventDate "2006.08.23"]
[EventType "swiss"]
[EventRounds "9"]
[EventCountry "ESP"]
[Source "lmi"]
[SourceDate "2006.08.23"]

1. e4 c5 2. Nf3 d6 3. d4 cxd4 4. Bc4 Qc7 5. Qe2 Nc6 6. O-O Nf6 7. h3 g6 8. c3
d3 9. Bxd3 Bg7 10. Na3 a6 11. Nc4 Nd7 12. Ne3 e6 13. Ng4 h5 14. Ne3 Nde5 15.
Nxe5 dxe5 16. a4 O-O 17. g4 hxg4 18. hxg4 Bf6 19. Kg2 Kg7 20. Nc4 g5 21. Be3
Ne7 22. Bb6 Qc6 23. f4 exf4 24. b4 e5 25. b5 Qe6 26. Bc5 Qxg4+ 27. Qxg4 Bxg4
28. bxa6 bxa6 29. Nb6 Rad8 30. Bxa6 Rh8 31. Rf2 Rh3 32. Be2 Rdh8 33. Bxg4 Rg3+
34. Kf1 Rh1+ 35. Ke2 Rxa1 36. Bd7 Rxc3 0-1

[Event "14. Opent Internacional de Mislata"]
[Site "Mislata ESP"]
[Date "2006.08.29"]
[Round "8.15"]
[White "Kovacevic, Slobodan"]
[Black "Sanchez Raboso, Vicente"]
[Result "1-0"]
[WhiteElo "2340"]
[BlackElo "2117"]
[PlyCount "144"]
[EventDate "2006.08.23"]
[EventType "swiss"]
[EventRounds "9"]
[EventCountry "ESP"]
[Source "lmi"]
[SourceDate "2006.08.23"]

1. d4 Nf6 2. Nf3 g6 3. Bg5 Bg7 4. Nbd2 c5 5. e3 O-O 6. c3 d6 7. a4 Nbd7 8. h3
b6 9. Be2 a6 10. O-O Bb7 11. Rc1 d5 12. Qc2 c4 13. b4 b5 14. Rcd1 Ne8 15. e4 f6
16. Bf4 e6 17. a5 Qe7 18. exd5 exd5 19. Rfe1 Qd8 20. Nf1 Rf7 21. N3d2 Nf8 22.
Ne3 Ne6 23. Bh2 Nd6 24. Bf3 Nc7 25. Re2 f5 26. Bxd6 Qxd6 27. Rde1 Raf8 28. g3
Bc6 29. Ng2 Bh6 30. Nf1 Bd7 31. Qd1 Ne8 32. Re5 Nf6 33. Nfe3 Ne4 34. Nxd5 Bg7
35. Nb6 Bxe5 36. dxe5 Qxd1 37. Rxd1 Bc6 38. Bxe4 fxe4 39. Rd2 Re7 40. Rd6 Bb7
41. Nd7 Ra8 42. Nc5 Ra7 43. e6 Kg7 44. Rd8 Bc6 45. Ne3 h5 46. g4 Kf6 47. Rd6
Ba8 48. Nd7+ Kg5 49. gxh5 gxh5 50. Kf1 Re8 51. Nc5 Kf6 52. Ke2 Ke5 53. Rb6 Kf6
54. h4 Ke5 55. Nd7+ Kf4 56. Nc5 Ke5 57. Nd7+ Kf4 58. Nc2 Rxe6 59. Rxe6 Rxd7 60.
Rxa6 Rd8 61. Ne3 Bb7 62. Rf6+ Ke5 63. Rf5+ Ke6 64. Rxb5 Bc8 65. Rc5 Kf6 66.
Rxh5 Rd3 67. Rc5 Be6 68. b5 Rxc3 69. Nd5+ Bxd5 70. Rxd5 Ra3 71. b6 c3 72. Kd1
Rb3 1-0